Relación de los títulos, méritos y trabajos científicos del Dr. S. Ramón y Cajal. (Record no. 114529)
[ view plain ]
| 000 -LEADER | |
|---|---|
| campo de control de longitud fija | 00663nam a2200193 i 4500 |
| 001 - NÚMERO DE CONTROL | |
| campo de control | 114529 |
| 003 - IDENTIFICADOR DE NÚMERO DE CONTROL | |
| campo de control | ES-MaACL |
| 005 - FECHA Y HORA DE LA ÚLTIMA TRANSACCIÓN | |
| campo de control | 20231220202823.0 |
| 007 - CAMPO FIJO DE DESCRIPCIÓN FÍSICA--INFORMACIÓN GENERAL | |
| campo de control de longitud fija | t| |
| 008 - DATOS DE LONGITUD FIJA--INFORMACIÓN GENERAL | |
| campo de control de longitud fija | 070308s1906 sp ||||1| spa d |
| 080 ## - NÚMERO DE LA CLASIFICACIÓN DECIMAL UNIVERSAL | |
| Número de la Clasificación Decimal Universal | 929 Ramón y Cajal, Santiago |
| 245 00 - MENCIÓN DEL TÍTULO | |
| Título | Relación de los títulos, méritos y trabajos científicos del Dr. S. Ramón y Cajal. |
| 260 ## - PUBLICACIÓN, DISTRIBUCIÓN, ETC. | |
| Lugar de publicación, distribución, etc. | Madrid : |
| Nombre del editor, distribuidor, etc. | [s.n.], |
| Fecha de publicación, distribución, etc. | 1906 ( |
| Fabricante | Imp. de Nicolás Moya) |
| 300 ## - DESCRIPCIÓN FÍSICA | |
| Extensión | 69 p., [1] h. de lám. ; |
| Dimensiones | 24 cm. |
| 600 14 - PUNTO DE ACCESO ADICIONAL DE MATERIA--NOMBRE DE PERSONA | |
| Nombre de persona | Ramón y Cajal, Santiago, |
| Fechas asociadas al nombre | 1852-1934- |
| Subdivisión general | Biografías |
| 9 (RLIN) | 95228 |
| 700 1# - ENTRADA AGREGADA--NOMBRE PERSONAL | |
| Nombre de persona | Ramón y Cajal, Santiago, |
| Fechas asociadas al nombre | 1852-1934 |
| 9 (RLIN) | 226468 |
| 852 ## - LOCALIZACIÓN | |
| Ubicación | ES-MaACL |
| Número de control de estantería | T-1081-F-7 |
| Estatus retirado | Estado de pérdida | Estado de daño | No para préstamo | Colección | Biblioteca de origen | Biblioteca actual | Ubicación en estantería | Fecha de adquisición | Fuente de adquisición | Total de préstamos | Signatura topográfica completa | Código de barras | Visto por última vez | Precio de reemplazo | Tipo de ítem Koha |
|---|---|---|---|---|---|---|---|---|---|---|---|---|---|---|---|
| Colección de folletos | Biblioteca del Ateneo de Madrid | Biblioteca del Ateneo de Madrid | Depósito folletos | 17/01/2008 | T-1081-F-7 | 1119438 | 23/02/2023 | 23/02/2023 | Folleto |
